Formuła 1 - kalendarz na sezon 1950 - Statystyki

Ogólne statystyki
  • Ten quiz został rozwiązany 349 razy
  • Średni wynik to 5 z 7
Statystyki odpowiedzi
Runda Nazwa GP % Poprawnych
7 Grand Prix Włoch
90%
1 Grand Prix Wielkiej Brytanii
89%
2 Grand Prix Monako
82%
6 Grand Prix Francji
80%
3 Indianapolis 500
79%
5 Grand Prix Belgii
70%
4 Grand Prix Szwajcarii
48%
Nie znaleziono quizów pasujących do podanych kryteriów
Rozkład punktacji
Procent ludzi z każdym wynikiem
Percentyl według liczby udzielonych odpowiedzi
Twoja historia wyników
Nie rozwiązałeś tego quizu